<?xml version="1.0" encoding="UTF-8"?>
<record
    xmlns:xsi="http://www.w3.org/2001/XMLSchema-instance"
    xsi:schemaLocation="http://www.loc.gov/MARC21/slim http://www.loc.gov/standards/marcxml/schema/MARC21slim.xsd"
    xmlns="http://www.loc.gov/MARC21/slim">

  <leader>01174nam a22002657a 4500</leader>
  <controlfield tag="005">20170124103013.0</controlfield>
  <datafield tag="010" ind1=" " ind2=" ">
    <subfield code="a">A-907016</subfield>
  </datafield>
  <datafield tag="020" ind1=" " ind2=" ">
    <subfield code="c">100.00</subfield>
  </datafield>
  <datafield tag="035" ind1=" " ind2=" ">
    <subfield code="a">A-907016</subfield>
  </datafield>
  <datafield tag="037" ind1=" " ind2=" ">
    <subfield code="b">Cen Lib/Ret</subfield>
  </datafield>
  <datafield tag="040" ind1=" " ind2=" ">
    <subfield code="a">DPL</subfield>
    <subfield code="b">HN</subfield>
  </datafield>
  <datafield tag="082" ind1=" " ind2=" ">
    <subfield code="a">&#x909; </subfield>
    <subfield code="b">&#x92E;&#x93F;&#x924;&#x94D;&#x930;&#x935;&#x93F;</subfield>
  </datafield>
  <datafield tag="100" ind1=" " ind2=" ">
    <subfield code="a">&#x92E;&#x93F;&#x924;&#x94D;&#x930;, &#x935;&#x93F;&#x92E;&#x932; </subfield>
    <subfield code="9">58275</subfield>
  </datafield>
  <datafield tag="245" ind1=" " ind2=" ">
    <subfield code="a">&#x915;&#x941;&#x902;&#x921;&#x932;&#x940; &#x91A;&#x915;&#x94D;&#x930; /</subfield>
    <subfield code="c">&#x935;&#x93F;&#x92E;&#x932; &#x92E;&#x93F;&#x924;&#x94D;&#x930;; &#x905;&#x928;&#x941;&#x935;&#x93E;&#x926;&#x915; &#x939;&#x902;&#x938;&#x915;&#x941;&#x92E;&#x93E;&#x930; &#x924;&#x93F;&#x935;&#x93E;&#x930;&#x940; </subfield>
  </datafield>
  <datafield tag="246" ind1=" " ind2=" ">
    <subfield code="a">Kundali chakra /</subfield>
    <subfield code="b">by Vimal Mitra; anuwadak Hanskumar Tiwari</subfield>
  </datafield>
  <datafield tag="260" ind1=" " ind2=" ">
    <subfield code="a">&#x926;&#x93F;&#x932;&#x94D;&#x932;&#x940; </subfield>
    <subfield code="b">&#x936;&#x94D;&#x930;&#x940;&#x915;&#x943;&#x937;&#x94D;&#x923; &#x92A;&#x941;&#x938;&#x94D;&#x924;&#x915; &#x92D;&#x902;&#x921;&#x93E;&#x930; </subfield>
    <subfield code="c">1998</subfield>
  </datafield>
  <datafield tag="270" ind1=" " ind2=" ">
    <subfield code="b">&#x926;&#x93F;&#x932;&#x94D;&#x932;&#x940; </subfield>
    <subfield code="e">110053</subfield>
    <subfield code="a">&#x938;&#x940;-8/174, &#x92F;&#x92E;&#x941;&#x928;&#x93E; &#x935;&#x93F;&#x939;&#x93E;&#x930; </subfield>
  </datafield>
  <datafield tag="300" ind1=" " ind2=" ">
    <subfield code="a">111&#x92A;&#x943;. </subfield>
    <subfield code="c">21&#x938;&#x947;&#x92E;&#x940; (&#x938;&#x91C;&#x93F;&#x932;&#x94D;&#x926;)</subfield>
  </datafield>
  <datafield tag="650" ind1=" " ind2=" ">
    <subfield code="a"> &#x939;&#x93F;&#x928;&#x94D;&#x926;&#x940; &#x938;&#x93E;&#x939;&#x93F;&#x924;&#x94D;&#x92F;</subfield>
    <subfield code="9">58276</subfield>
  </datafield>
  <datafield tag="650" ind1=" " ind2=" ">
    <subfield code="a"> &#x939;&#x93F;&#x928;&#x94D;&#x926;&#x940; &#x938;&#x93E;&#x939;&#x93F;&#x924;&#x94D;&#x92F; -- &#x909;&#x92A;&#x928;&#x94D;&#x92F;&#x93E;&#x938; </subfield>
    <subfield code="9">46379</subfield>
  </datafield>
  <datafield tag="650" ind1=" " ind2=" ">
    <subfield code="a">Hindi literature </subfield>
    <subfield code="9">58277</subfield>
  </datafield>
  <datafield tag="650" ind1=" " ind2=" ">
    <subfield code="a">Hindi literature --  Fiction</subfield>
    <subfield code="9">58278</subfield>
  </datafield>
  <datafield tag="700" ind1=" " ind2=" ">
    <subfield code="b">&#x924;&#x93F;&#x935;&#x93E;&#x930;&#x940;, &#x939;&#x902;&#x938;&#x915;&#x941;&#x92E;&#x93E;&#x930;  </subfield>
    <subfield code="9">58279</subfield>
  </datafield>
  <datafield tag="942" ind1=" " ind2=" ">
    <subfield code="2">ddc</subfield>
    <subfield code="c">HN</subfield>
    <subfield code="h">&#x909; </subfield>
    <subfield code="m">&#x92E;&#x93F;&#x924;&#x94D;&#x930;&#x935;&#x93F;</subfield>
  </datafield>
  <datafield tag="999" ind1=" " ind2=" ">
    <subfield code="c">114775</subfield>
    <subfield code="d">114775</subfield>
  </datafield>
  <datafield tag="952" ind1=" " ind2=" ">
    <subfield code="0">0</subfield>
    <subfield code="1">0</subfield>
    <subfield code="4">0</subfield>
    <subfield code="7">0</subfield>
    <subfield code="a">L</subfield>
    <subfield code="b">L</subfield>
    <subfield code="d">2015-08-18</subfield>
    <subfield code="e">Cen Lib/Ret</subfield>
    <subfield code="g">100.00</subfield>
    <subfield code="l">1</subfield>
    <subfield code="m">1</subfield>
    <subfield code="o">&#x909;  &#x92E;&#x93F;&#x924;&#x94D;&#x930;&#x935;&#x93F;</subfield>
    <subfield code="p">A-907016</subfield>
    <subfield code="r">2025-03-20 00:00:00</subfield>
    <subfield code="s">2025-03-03</subfield>
    <subfield code="t">1</subfield>
    <subfield code="v">100.00</subfield>
    <subfield code="w">2015-08-18</subfield>
    <subfield code="y">HN</subfield>
  </datafield>
</record>
